[Event "Cappelle Online Blitz op"]
[Site "Europe Echecs INT"]
[Date "2022.01.09"]
[Round "5"]
[White "Guillaume, Marvin"]
[Black "Dias Huizar, Alvaro"]
[Result "0-1"]
[WhiteElo "1831"]
[BlackElo "2409"]
[PlyCount "38"]
[EventDate "2022.01.09"]
[EventType "swiss (blitz)"]
[EventRounds "11"]
[EventCountry "FRA"]
[SourceTitle "EXT 2023"]
[Source "ChessBase"]
[SourceDate "2022.10.05"]
[SourceVersion "1"]
[SourceVersionDate "2022.10.05"]
[SourceQuality "1"]

1. d4 Nf6 2. Nf3 c5 3. e3 e6 4. c4 d5 5. Nc3 a6 6. cxd5 exd5 7. dxc5 Bxc5 8. Be2 0-0 9. 0-0 Nc6 10. a3 d4 11. exd4 Nxd4 12. Nxd4 Bxd4 13. Qd3 Be6 14. Bg5 Re8 15. Ne4 Bxb2 16. Qxd8 Raxd8 17. Rab1 Bd4 18. Bxf6 gxf6 19. Rxb7 Bd5 0-1

[Event "Cappelle Online Blitz op"]
[Site "Europe Echecs INT"]
[Date "2022.01.09"]
[Round "1"]
[White "Guillaume, Marvin"]
[Black "Pichot, Alan"]
[Result "0-1"]
[WhiteElo "1831"]
[BlackElo "2625"]
[PlyCount "30"]
[EventDate "2022.01.09"]
[EventType "swiss (blitz)"]
[EventRounds "11"]
[EventCountry "FRA"]
[SourceTitle "EXT 2023"]
[Source "ChessBase"]
[SourceDate "2022.10.05"]
[SourceVersion "1"]
[SourceVersionDate "2022.10.05"]
[SourceQuality "1"]

1. c4 e5 2. Nc3 Nf6 3. Nf3 Nc6 4. d4 e4 5. Ng5 Bb4 6. f3 d5 7. cxd5 Qxd5 8. e3 Qxg5 9. d5 Nxd5 10. fxe4 Nxc3 11. bxc3 Bxc3+ 12. Bd2 Qxe3+ 13. Be2 Bxd2+ 14. Qxd2 Qxd2+ 15. Kxd2 0-0 0-1

[Event "Cappelle Online Blitz op"]
[Site "Europe Echecs INT"]
[Date "2022.01.09"]
[Round "7"]
[White "Guillaume, Marvin"]
[Black "Prithu, Gupta"]
[Result "0-1"]
[WhiteElo "1831"]
[BlackElo "2444"]
[PlyCount "58"]
[EventDate "2022.01.09"]
[EventType "swiss (blitz)"]
[EventRounds "11"]
[EventCountry "FRA"]
[SourceTitle "EXT 2023"]
[Source "ChessBase"]
[SourceDate "2022.10.05"]
[SourceVersion "1"]
[SourceVersionDate "2022.10.05"]
[SourceQuality "1"]

1. e4 e5 2. Nf3 Nc6 3. Bc4 Nf6 4. d3 Bc5 5. Bg5 d6 6. Nbd2 h6 7. Bh4 g5 8. Bg3 Qe7 9. c3 Be6 10. Qa4 0-0 11. b4 Bb6 12. Bb5 a5 13. Bxc6 axb4 14. Qxb4 bxc6 15. Nc4 Rfb8 16. Rb1 Bxf2+ 17. Bxf2 Rxb4 18. Rxb4 Rxa2 19. Rb8+ Kg7 20. 0-0 Bxc4 21. dxc4 Nxe4 22. Be3 Re2 23. Bc1 d5 24. cxd5 Qc5+ 25. Kh1 Nf2+ 26. Kg1 Re1 27. Rxe1 Nh3+ 28. Kh1 Qg1+ 29. Nxg1 Nf2# 0-1

[Event "Cappelle Online Blitz op"]
[Site "Europe Echecs INT"]
[Date "2021.03.07"]
[Round "3"]
[White "Guillaume, Marvin"]
[Black "Devallee, Jeremie"]
[Result "0-1"]
[WhiteElo "1831"]
[BlackElo "2220"]
[PlyCount "90"]
[EventDate "2021.03.07"]
[EventType "swiss (blitz)"]
[EventRounds "11"]
[EventCountry "FRA"]
[SourceTitle "CBM 201 Extra"]
[Source "ChessBase"]
[SourceDate "2021.05.31"]
[SourceVersion "1"]
[SourceVersionDate "2021.05.31"]
[SourceQuality "1"]

1. d4 Nf6 2. Nf3 c5 3. dxc5 e6 4. a3 Bxc5 5. b4 Be7 6. Bb2 0-0 7. e3 b6 8. Bd3 Bb7 9. 0-0 d6 10. Nbd2 Nbd7 11. e4 Qc7 12. Re1 Ne5 13. Nxe5 dxe5 14. Qf3 Rfd8 15. Qg3 Nd7 16. Nc4 Bf6 17. Rac1 Rac8 18. Qe3 Nf8 19. g3 Ng6 20. h4 h6 21. h5 Nf8 22. f4 Nd7 23. fxe5 Bg5 24. Qf3 Bxc1 25. Rxc1 Nf8 26. Nd6 Rb8 27. Rf1 Rd7 28. Qg4 Ba8 29. Bb5 Re7 30. Be2 Qxc2 31. Bc1 Kh7 32. Nxf7 Qc3 33. Nd6 Qxe5 34. Bf4 Qd4+ 35. Kh2 e5 36. Qf5+ Kh8 37. Bg5 Qxd6 38. Bxe7 Qxe7 39. Bg4 Bc6 40. Rc1 Bd7 41. Qf3 Bxg4 42. Qxg4 Rd8 43. Rc2 Ne6 44. Qf5 Nd4 45. Qxe5 Qxe5 0-1

[Event "Cappelle Online Blitz op"]
[Site "Europe Echecs INT"]
[Date "2021.03.07"]
[Round "7"]
[White "Guillaume, Marvin"]
[Black "Fischer, Julie"]
[Result "0-1"]
[WhiteElo "1831"]
[BlackElo "2071"]
[PlyCount "74"]
[EventDate "2021.03.07"]
[EventType "swiss (blitz)"]
[EventRounds "11"]
[EventCountry "FRA"]
[SourceTitle "CBM 201 Extra"]
[Source "ChessBase"]
[SourceDate "2021.05.31"]
[SourceVersion "1"]
[SourceVersionDate "2021.05.31"]
[SourceQuality "1"]

1. e4 d5 2. exd5 Qxd5 3. Nc3 Qd8 4. Bc4 Nf6 5. Nf3 g6 6. Ne5 e6 7. 0-0 Nbd7 8. d4 Bg7 9. Re1 0-0 10. Qe2 Nb6 11. Be3 Nxc4 12. Qxc4 Nd5 13. Nxd5 exd5 14. Qc3 c6 15. Bf4 Bf5 16. Bg3 a5 17. a4 Rc8 18. Re2 Qb6 19. Bf4 c5 20. dxc5 Rxc5 21. Qd4 Qb4 22. Qxb4 axb4 23. Rc1 d4 24. b3 d3 25. Nxd3 Bxd3 26. cxd3 Rxc1+ 27. Bxc1 Rc8 28. Be3 Bf6 29. g3 Rc3 30. d4 Rxb3 31. d5 Rd3 32. Rd2 Rxd2 33. Bxd2 b3 34. d6 b2 35. d7 b1Q+ 36. Kg2 Qe4+ 37. f3 Qe2+ 0-1

[Event "Cappelle Online Blitz op"]
[Site "Europe Echecs INT"]
[Date "2021.03.07"]
[Round "10"]
[White "Mallassagne, Francois Eric"]
[Black "Guillaume, Marvin"]
[Result "1-0"]
[WhiteElo "2149"]
[BlackElo "1831"]
[PlyCount "95"]
[EventDate "2021.03.07"]
[EventType "swiss (blitz)"]
[EventRounds "11"]
[EventCountry "FRA"]
[SourceTitle "CBM 201 Extra"]
[Source "ChessBase"]
[SourceDate "2021.05.31"]
[SourceVersion "1"]
[SourceVersionDate "2021.05.31"]
[SourceQuality "1"]

1. d4 f5 2. e4 fxe4 3. f3 e3 4. Bxe3 Nf6 5. Bd3 d5 6. Nd2 Nc6 7. Ne2 e5 8. 0-0 Be6 9. Rc1 Bd6 10. c4 dxc4 11. Nxc4 exd4 12. Nxd4 Nxd4 13. Bxd4 0-0 14. Re1 Bf7 15. Be5 Re8 16. Nxd6 cxd6 17. Bd4 Rxe1+ 18. Qxe1 Bxa2 19. Qh4 h6 20. Qg3 Bf7 21. Rd1 Qe7 22. Bf5 g5 23. h4 Nh5 24. Qf2 gxh4 25. Re1 Qg5 26. Bg4 Nf6 27. Bh3 Rc8 28. Bc3 Rc6 29. Qd4 d5 30. Re5 Qc1+ 31. Kh2 Rc4 32. Qxa7 Qf4+ 33. Kg1 Rxc3 34. Qb8+ Kg7 35. bxc3 Qc1+ 36. Kf2 Qd2+ 37. Re2 Qxc3 38. Qxb7 Qd4+ 39. Kf1 Qd1+ 40. Re1 Qd3+ 41. Kg1 Qd4+ 42. Kh1 Nh5 43. Re7 Qd1+ 44. Kh2 Nf4 45. Rxf7+ Kg6 46. Rxf4 Qd2 47. Qf7+ Kg5 48. Rf5# 1-0

[Event "Cappelle Online Blitz op"]
[Site "Europe Echecs INT"]
[Date "2021.03.07"]
[Round "8"]
[White "Van Coppenolle, Lander"]
[Black "Guillaume, Marvin"]
[Result "0-1"]
[WhiteElo "1442"]
[BlackElo "1831"]
[PlyCount "64"]
[EventDate "2021.03.07"]
[EventType "swiss (blitz)"]
[EventRounds "11"]
[EventCountry "FRA"]
[SourceTitle "CBM 201 Extra"]
[Source "ChessBase"]
[SourceDate "2021.05.31"]
[SourceVersion "1"]
[SourceVersionDate "2021.05.31"]
[SourceQuality "1"]

1. e4 c6 2. d4 d5 3. e5 Bf5 4. Nf3 e6 5. Be2 Nd7 6. 0-0 c5 7. c4 dxc4 8. Bxc4 cxd4 9. Nxd4 Bg6 10. f4 Bc5 11. Be3 Ne7 12. Nc3 a6 13. Na4 Bxd4 14. Bxd4 b5 15. Nc5 bxc4 16. Nb7 Qc7 17. Nd6+ Kf8 18. Rc1 Qa5 19. Rxc4 Nf5 20. Qf3 Rb8 21. Ba7 Rd8 22. Nb7 Qb5 23. Nxd8 Qxc4 24. Nxe6+ fxe6 25. Qa8+ Be8 26. Rd1 Kf7 27. Rxd7+ Bxd7 28. Qxh8 Qc1+ 29. Kf2 Qd2+ 30. Kf3 Bc6+ 31. Kg4 Qxg2+ 32. Kh5 g6# 0-1

[Event "Martinique-ch 34th"]
[Site "Le Lamentin"]
[Date "2018.05.11"]
[Round "8"]
[White "Lebon, Nicolas"]
[Black "Guillaume, Marvin"]
[Result "1/2-1/2"]
[WhiteElo "1713"]
[BlackElo "1849"]
[PlyCount "104"]
[EventDate "2018.05.05"]
[EventType "tourn"]
[EventRounds "11"]
[EventCountry "MFR"]
[SourceTitle "CBM 184 Extra"]
[Source "ChessBase"]
[SourceDate "2018.06.28"]
[SourceVersion "1"]
[SourceVersionDate "2018.06.28"]
[SourceQuality "1"]

1. b3 d5 2. Bb2 Nf6 3. e3 e6 4. f4 Bd6 5. Nf3 a6 6. Bd3 Nbd7 7. 0-0 0-0 8. Ne5 Nc5 9. Ng4 Be7 10. Nc3 Nxd3 11. cxd3 Nxg4 12. Qxg4 e5 13. f5 Qd6 14. Qg3 f6 15. a4 b6 16. Ba3 c5 17. d4 Bb7 18. a5 exd4 19. Qxd6 Bxd6 20. exd4 bxa5 21. dxc5 Be5 22. c6 Bxc6 23. Bxf8 Kxf8 24. Rxa5 Bd4+ 25. Kh1 Bb6 26. Raa1 d4 27. Na4 Ba5 28. Rfd1 Re8 29. Nc5 Re2 30. Rxa5 Rxg2 31. Ne6+ Ke7 32. Nxd4 Bb7 33. Rf1 Rf2+ 34. Kg1 Rg2+ 35. Kh1 Rg3+ 36. Nf3 Bxf3+ 37. Rxf3 Rxf3 38. Rxa6 Rxf5 39. Ra7+ Kf8 40. Rd7 Rb5 41. Rd3 g5 42. Kg2 Kg7 43. Rc3 Kg6 44. d4 h5 45. Kf3 Kf5 46. Rc5+ Rxc5 47. dxc5 Ke5 48. b4 f5 49. b5 Kd5 50. b6 Kc6 51. Ke3 g4 52. Kf2 h4 1/2-1/2

[Event "Martinique-ch 34th"]
[Site "Le Lamentin"]
[Date "2018.05.10"]
[Round "6"]
[White "Suez Panama, Gilles"]
[Black "Guillaume, Marvin"]
[Result "1-0"]
[WhiteElo "1971"]
[BlackElo "1849"]
[PlyCount "85"]
[EventDate "2018.05.05"]
[EventType "tourn"]
[EventRounds "11"]
[EventCountry "MFR"]
[SourceTitle "CBM 184 Extra"]
[Source "ChessBase"]
[SourceDate "2018.06.28"]
[SourceVersion "1"]
[SourceVersionDate "2018.06.28"]
[SourceQuality "1"]

1. d4 Nf6 2. Nf3 e6 3. c4 d5 4. g3 dxc4 5. Bg2 c5 6. 0-0 Nc6 7. Qa4 Qa5 8. Qxa5 Nxa5 9. Ne5 Nd7 10. Bd2 Nxe5 11. dxe5 Nc6 12. Bxc6+ bxc6 13. Na3 Ba6 14. Bc3 Be7 15. Rfd1 0-0 16. Rd7 Rfe8 17. Rad1 Kf8 18. f4 Red8 19. Kf2 Ke8 20. Rxd8+ Bxd8 21. h4 Ke7 22. h5 f6 23. h6 Bc7 24. hxg7 fxe5 25. Rh1 Rg8 26. Rxh7 exf4 27. gxf4 Bxf4 28. Kf3 Bg5 29. Rh8 Kf7 30. Kg4 Be7 31. e4 Bd6 32. Kg5 Rxg7+ 33. Bxg7 Kxg7 34. Ra8 Be7+ 35. Kf4 e5+ 36. Kxe5 Bf6+ 37. Kd6 Bxb2 38. Rxa7+ Kf6 39. Rxa6 c3 40. Nc2 Bc1 41. e5+ Kf5 42. e6 Bf4+ 43. Kd7 1-0

[Event "Martinique-ch 31th"]
[Site "Madiana"]
[Date "2015.05.16"]
[Round "7"]
[White "Verneuil, Pascal"]
[Black "Guillaume, Marvin"]
[Result "1-0"]
[WhiteElo "2127"]
[BlackElo "1767"]
[PlyCount "87"]
[EventDate "2015.05.16"]
[EventType "tourn"]
[EventRounds "11"]
[EventCountry "FRA"]
[SourceTitle "EXT 2016"]
[Source "ChessBase"]
[SourceDate "2015.10.08"]
[SourceVersion "1"]
[SourceVersionDate "2015.10.08"]
[SourceQuality "1"]

1. d4 Nf6 2. Nd2 d6 3. Ngf3 g6 4. b4 a5 5. b5 Bg7 6. Bb2 0-0 7. e3 Nbd7 8. Be2 c5 9. 0-0 cxd4 10. exd4 Nd5 11. a4 Nf4 12. Re1 d5 13. Bf1 Nb6 14. Ne5 Bf5 15. c4 Bxe5 16. Rxe5 dxc4 17. Nxc4 Nxc4 18. Bxc4 Rc8 19. Rc5 Rxc5 20. dxc5 Bd3 21. Bb3 Qc7 22. Qf3 Bf5 23. Rd1 e5 24. Qe3 e4 25. Rd6 g5 26. Kh1 Ne6 27. Qc3 f6 28. Bxe6+ Bxe6 29. Rxe6 Qd7 30. Rd6 Qg4 31. h3 Qe2 32. Rxf6 Rd8 33. Rd6 Qxb2 34. Qxb2 Rxd6 35. cxd6 e3 36. fxe3 g4 37. d7 Kf7 38. Qe5 gxh3 39. d8R hxg2+ 40. Kg1 h5 41. Rd7+ Kg6 42. Rd6+ Kh7 43. Qe7+ Kg8 44. Rd8# 1-0

[Event "FRA-ch op-C"]
[Site "Nancy"]
[Date "2013.08.21"]
[Round "9"]
[White "Guillaume, Marvin"]
[Black "Afraoui, Anaelle"]
[Result "1-0"]
[WhiteElo "1748"]
[BlackElo "1715"]
[PlyCount "99"]
[EventDate "2013.08.11"]
[EventType "swiss"]
[EventRounds "11"]
[EventCountry "FRA"]
[SourceTitle "CBM 156 Extra"]
[Source "ChessBase"]
[SourceDate "2013.10.22"]
[SourceVersion "1"]
[SourceVersionDate "2013.10.22"]
[SourceQuality "1"]

1. e4 c5 2. Nf3 Nc6 3. Bb5 Na5 4. 0-0 a6 5. Be2 e6 6. d4 cxd4 7. Nxd4 Qc7 8. Nc3 Nf6 9. Kh1 b5 10. f3 Be7 11. Be3 0-0 12. g4 Bb7 13. Bd3 Nc4 14. Bc1 b4 15. Na4 d5 16. exd5 Bxd5 17. g5 Ng4 18. Qe2 Bd6 19. Qg2 Nge3 20. Qh3 g6 21. Bxc4 Nxc4 22. b3 Ne5 23. Bb2 Nd7 24. c4 bxc3 25. Nxc3 Bb7 26. Rfd1 Ne5 27. Ne4 Bxe4 28. fxe4 Qb7 29. Nxe6 Qxe4+ 30. Qg2 Qxg2+ 31. Kxg2 fxe6 32. Rxd6 Nf7 33. Rd7 Rac8 34. Rc1 Rfd8 35. Rxd8+ Rxd8 36. Bf6 Rd2+ 37. Kg3 h6 38. Rc8+ Kh7 39. Rc7 Kg8 40. h4 Nd6 41. Rg7+ Kf8 42. Rxg6 Nf5+ 43. Kg4 Rg2+ 44. Kh3 Rg3+ 45. Kh2 hxg5 46. Bxg5 Rc3 47. Rxe6 Rc2+ 48. Kh3 Rc3+ 49. Kg4 Nd4 50. Rxa6 1-0

[Event "Martinique-ch 29th"]
[Site "Fort de France"]
[Date "2013.05.19"]
[Round "6"]
[White "Guillaume, Marvin"]
[Black "Verneuil, Pascal"]
[Result "1/2-1/2"]
[WhiteElo "1693"]
[BlackElo "2069"]
[PlyCount "103"]
[EventDate "2013.05.18"]
[EventType "tourn"]
[EventRounds "11"]
[EventCountry "MFR"]
[SourceTitle "EXT 2014"]
[Source "ChessBase"]
[SourceDate "2013.11.20"]
[SourceVersion "1"]
[SourceVersionDate "2013.11.20"]
[SourceQuality "1"]

1. c4 Nf6 2. Nc3 g6 3. d3 Bg7 4. g3 0-0 5. Bg2 c6 6. e4 e5 7. Nge2 Na6 8. 0-0 Nc7 9. Bg5 h6 10. Bxf6 Bxf6 11. Qd2 Bg7 12. b4 d6 13. b5 Be6 14. a4 d5 15. exd5 cxd5 16. c5 Qe7 17. b6 Na6 18. Nxd5 Bxd5 19. Bxd5 Nxc5 20. bxa7 Rxa7 21. Nc3 Qd7 22. Qe3 Ra5 23. Bc4 Qd4 24. Nb5 Qxe3 25. fxe3 Rxa4 26. Rxa4 Nxa4 27. Nd6 Nb2 28. Bxf7+ Kh7 29. Rb1 Nxd3 30. Rxb7 Nc5 31. Rc7 Rd8 32. Ne8 Rd7 33. Rxc5 Rxf7 34. Nxg7 Kxg7 35. Rxe5 Rd7 36. h4 Rd2 37. g4 Kf6 38. Ra5 Re2 39. Ra3 Ke5 40. Ra6 Ke4 41. Rxg6 Kf3 42. Rxh6 Kxg4 43. Re6 Kxh4 44. Kf1 Rb2 45. Rg6 Kh5 46. Rg8 Ra2 47. Ke1 Rb2 48. Kd1 Ra2 49. Kc1 Re2 50. Re8 Kg6 51. Kd1 Ra2 52. Rf8 1/2-1/2